বঙ্গবন্ধুর বাজেট ১৯৭১-১৯৭৫ / (Record no. 80780)
[ view plain ]
| 000 -LEADER | |
|---|---|
| fixed length control field | 00975nam a2200229 a 4500 |
| 001 - CONTROL NUMBER | |
| control field | 80780 |
| 003 - CONTROL NUMBER IDENTIFIER | |
| rucl marc code | BD-RjUL |
| 005 - DATE AND TIME OF LATEST TRANSACTION | |
| control field | 20221115154005.0 |
| 008 - FIXED-LENGTH DATA ELEMENTS--GENERAL INFORMATION | |
| fixed length control field | 221115s2020 bg ||||| |||| 00| 0 ben d |
| 020 ## - INTERNATIONAL STANDARD BOOK NUMBER | |
| International Standard Book Number | 9789843480891 |
| 035 ## - SYSTEM CONTROL NUMBER | |
| System control number | (BD-RjUL)80780 |
| 040 ## - CATALOGING SOURCE | |
| Original cataloging agency | BD-RjUL |
| Language of cataloging | eng |
| Transcribing agency | BD-RjUL |
| 041 ## - LANGUAGE CODE | |
| Language code of text/sound track or separate title | ben |
| 082 ## - DEWEY DECIMAL CLASSIFICATION NUMBER | |
| Edition number | 23 |
| Classification number | 954.9205092 |
| Author mark and year | BAU 2020 |
| 245 ## - TITLE STATEMENT | |
| Title | বঙ্গবন্ধুর বাজেট ১৯৭১-১৯৭৫ / |
| Statement of responsibility, etc. | মুন্শী শাহাবুদ্দীন আহমেদ সম্পাদিত |
| 260 ## - PUBLICATION, DISTRIBUTION, ETC. (IMPRINT) | |
| Place of publication, distribution, etc. | ঢাকা : |
| Name of publisher, distributor, etc. | ন্যাশনাল পাবলিকেশন, |
| Date of publication, distribution, etc. | ২০২০ |
| 300 ## - PHYSICAL DESCRIPTION | |
| Pagination | ৩৮৩ পৃ.; |
| Size | ২২ সেমি. |
| 600 ## - SUBJECT ADDED ENTRY--PERSONAL NAME | |
| Personal name | মুজিবুর রহমান, শেখ, |
| Dates associated with a name | ১৯২০-১৯৭৫ |
| Personal name | Mujibur Rahman, Sheikh, |
| Dates associated with a name | 1920-1975 |
| 700 ## - ADDED ENTRY--PERSONAL NAME | |
| Personal name | আহমেদ, মুন্শী শাহাবুদ্দীন সম্পাদিত |
| 942 ## - ADDED ENTRY ELEMENTS (KOHA) | |
| Source of classification or shelving scheme | Dewey Decimal Classification |
| Koha item type | Books |
| Lost status | Source of classification or shelving scheme | Damaged status | Not for loan | Collection code | Permanent Location | Current Location | Shelving location | Date acquired | Source of acquisition | Cost, normal purchase price | Total Checkouts | Full call number | Date last seen | Copy number | Koha item type |
|---|---|---|---|---|---|---|---|---|---|---|---|---|---|---|---|
| Dewey Decimal Classification | Not For Loan | Non-fiction | Central Library, University of Rajshahi | Central Library, University of Rajshahi | Bangabandhu Corner Section | 24/10/2022 | National Publication | 420.00 | B 954.9205092 BAU 2020 | 15/11/2022 | C-1 | Books | |||
| Dewey Decimal Classification | Non-fiction | Central Library, University of Rajshahi | Central Library, University of Rajshahi | General Stacks | 24/10/2022 | National Publication | 420.00 | B 954.9205092 BAU 2020 | 15/11/2022 | C-2 | Books |